000 00214 a2200097 4500
001 8966
100 _aGardner E S
245 _aThe Case of the stepdoughter's Secret
260 _a
_bHeinen
_c
090 _c7156
_d7156
942 _aNUST-CAE
_cM
_c33774
999 _c244039
_d244039